000 00403nam a22001217a 4500
040 _cSK
082 _a147
100 _aវន មុនិន្ទ
245 _aWriting thesis and project development; វិធីសាស្ត្រសរសេសារណាបទ និងអភិវឌ្ឍន៏គំរោងសរសេរ
260 _aRUA
_bវន
_c2008
300 _a48p.
942 _cKB
999 _c10162
_d10162